Φορτώνει......

Grey sunshine

Λεπτομέρειες βιβλιογραφικής εγγραφής
Κύριος συγγραφέας: Rai,Sandeep
Έκδοση: Aleph, 2019
LEADER 00174 a2200085 4500
020 |a 9789388292795 
100 |a Rai,Sandeep 
245 |a Grey sunshine 
260 |b Aleph,  |c 2019 
999 |c 348638  |d 348638